Word Ladder: The Silence of the Lambs Quiz Stats

 Plays Quiz Updated Dec 20, 2014

Challenge
Share
Tweet
Embed
Score 0/26 Timer 03:00
0 Plays Today
Hint 4-Letter Word % Correct
Slightly wetDAMP
96.6%
Site for disposing of rubbishDUMP
95.6%
UnintelligentDUMB
95.3%
Citrus fruitLIME
95%
Tissue surrounding the base of teethGUMS
94.9%
Rolling Stones' JaggerMICK
94.6%
Collection of tentsCAMP
94.2%
Opposite of wentCAME
94.2%
Dairy beverageMILK
94.2%
Part of a chainLINK
92.3%
Mason-Dixon, for oneLINE
92.2%
No ____, no gloryGUTS
88.9%
Unable to walk without difficultyLAME
87.5%
Hint 4-Letter Word % Correct
⌘ Serial killer's real name: [Rung 11] ____⌘ GUMB ⌘
85.6%
DeficiencyLACK
83.3%
⌘ FBI's nickname for [Rung 11][Rung 5]: Buffalo ____⌘ BILL ⌘
83.2%
Make fun ofMOCK
82.5%
'The horse was lean and ____'LANK
81.9%
Deep vehicle tracksRUTS
81%
⌘ Young Clarice tried to save one ⌘⌘ LAMB ⌘
80.7%
DefraudBILK
80.4%
Sports enthusiastJOCK
78.9%
⌘ Head of FBI's Behavioral Science Unit:____ Crawford ⌘⌘ JACK ⌘
78.4%
Side post of a doorwayJAMB
67.5%
⌘ Serial killer's real name: ____ [Rung 5] ⌘⌘ JAME ⌘
65.9%
⌘ She begs [Rung 11][Rung 5] to release her daughter ⌘⌘ RUTH ⌘
45.6%

Today's Daily Dose

You're not logged in!

Compare scores with friends on all Sporcle quizzes.
Join for Free
OR
Log In

You Might Also Like...

Show Comments

Extras

Top Quizzes Today


Score Distribution

Your Account Isn't Verified!

In order to create a playlist on Sporcle, you need to verify the email address you used during registration. Go to your Sporcle Settings to finish the process.

Report this User

Report this user for behavior that violates our Community Guidelines.

Details: